La Sposa Dei Douglas

Bewaard in:
Bibliografische gegevens
Hoofdauteur: Elaine Coffman
Formaat: Boek
Taal:Onbekende taal
Gepubliceerd in: Harlequin Mondatori
Tags: Voeg label toe
Geen labels, Wees de eerste die dit record labelt!

MARC

LEADER 00000nam a2200000Ia 4500
001 R-772
003 CODICE-MESSINA
005 20260212102457.0
008 260211s9999 xx 000 0 und d
040 |c importazione_messina 
100 |a Elaine Coffman 
245 0 |a La Sposa Dei Douglas 
260 |b Harlequin Mondatori 
942 |2 ddc  |c BK 
952 |0 0  |1 0  |2 ddc  |4 0  |6 SCAFFALE_7_000000000000000__ROMANZI  |7 0  |9 31599  |a ME  |b ME  |d 2026-02-11  |l 0  |o SCAFFALE 7 - ROMANZI  |p R-772  |r 2026-02-11 23:52:39  |w 2026-02-11  |x [REVISIONARE]  |y BK 
999 |c 27264  |d 27264